00521nam a2200133Ia 4500008004100000245017200041260003500213260000900248300001000257500001300267650001600280999001900296952007200315170224s9999 xx 000 0 und d aSpecificity of affective instability in patients with borderline personality disorder compared to posttraumatic stress disorder, bulimia nervosa, and healthy controls. bJournal of Abnormal Psychology c2014 a123:1 aFebruary xPsychology. c316699d316699 001040aCLbCLd2017-02-24l0r2017-02-24 00:00:00w2017-02-24ySE